000 00984nam0a2200265 4500
001 RU\NLR\ONL1\13190
005 20250613121613.0
035 _a(NLR Aleph) 009641934
090 _a9549713
_c9549713
100 _a20080326d1933 |||y0rusy50 ca
101 0 _amyv
102 _aRU
105 _ay |||||||||
200 1 _aГеография
_eначальной школань программа (велен)
_fРСФСР-нь Наркомпросонь учеб.-метод. сектор
_gпер. Буртаева
210 _aСаранск
_cМордгиз
_d1933
215 _a13,[2] с.
_d23
541 1 _aГеография
_eпрограмма начальной школы (сельской)
_zrus
606 0 _aГеография
_xПреподавание
_91357336
_3RU\NLR\auth\66252997
686 1 _aЧ426.43
801 0 _aRU
_bNLR
_c20080326
_gPSBO
852 _aNLR
_bОНЛ
_jМорд.э./3-958
942 _cBOOK
980 _aNB